[Event "Porto Sant Elpidio op 4th"]
[Site "Porto Sant Elpidio"]
[Date "2001.11.03"]
[Round "4"]
[White "Trancanelli, Claudio"]
[Black "Di Donatantonio, Franco"]
[Result "0-1"]
[WhiteElo "1530"]
[BlackElo "1789"]
[PlyCount "99"]
[EventDate "2001.11.01"]
[EventType "swiss"]
[EventRounds "6"]
[EventCountry "ITA"]
[SourceTitle "EXT 2024"]
[Source "ChessBase"]
[SourceDate "2023.10.10"]
[SourceVersion "1"]
[SourceVersionDate "2023.10.10"]
[SourceQuality "1"]

1. e4 c5 2. c4 Nc6 3. Nc3 Nf6 4. d3 d6 5. Be2 e6 6. Be3 Be7 7. f4 0-0 8. g4 d5 9. g5 d4 10. gxf6 Bxf6 11. Bf2 dxc3 12. e5 Bh4 13. Bg3 cxb2 14. Rb1 Nd4 15. Rxb2 b6 16. Nf3 Bb7 17. Bxh4 Nxf3+ 18. Kf1 Nxh4 19. Rg1 Qd4 20. Qd2 Nf3 21. Bxf3 Bxf3 22. Rg3 Bh5 23. Qf2 Rad8 24. Qxd4 Rxd4 25. Rf2 Bg6 26. Ke2 b5 27. cxb5 Rb8 28. Ke3 Rxd3+ 29. Ke2 Rxg3 30. hxg3 Rxb5 31. Kf3 Bd3 32. Rd2 c4 33. Ke3 Kf8 34. Kd4 Ke7 35. g4 f6 36. exf6+ gxf6 37. Rh2 e5+ 38. fxe5 fxe5+ 39. Kc3 Kf6 40. Rh5 Ra5 41. Kb2 Bg6 42. Rh2 Kg5 43. Rg2 Rd5 44. Kc3 Bd3 45. a4 e4 46. Kb4 e3 47. a5 e2 48. Rg1 Re5 49. Re1 Kxg4 50. a6 0-1